Comoros Country Quiz - Statistics

General Stats
  • This quiz has been taken 20,856 times
    20,825 since last reset
  • The average score is 9 of 14
Answer Stats
Clue Answer % Correct
Ocean in which Comoros is located {Indian} Ocean
96%
Official languages French
95%
State religion Sunni Islam
92%
Nearest mainland African country Mozambique
91%
What Mount Karthala has done more than 20 times since 1900 Erupted
86%
Official languages Arabic
76%
Type of political crisis Comoros experienced in 1975, 1978, 1989, 1995, and 1999 Coup
72%
Capital of Comoros Moroni
65%
First European explorer to visit Comoros, in 1503 Vasco da Gama
61%
Many couples will save their entire lives to pay for this, which can cost several years worth of wages Wedding
52%
Largest and most populous island of Comoros {Grande} Comore
48%
Nearby island which voted in 1974 to remain part of France, rather than join Comoros Mayotte
46%
Official languages Comorian
36%
These make up 40% of Comorian exports Spices
19%
No matching quizzes found
Score Distribution
Percent of People with Each Score
Percentile by Number Answered
Your Score History
You have not taken this quiz since the last reset